000 00352nam a2200145Ia 4500
008 230711s9999||||xx |||||||||||||| ||und||
041 _aENG
082 _a800
_bSK-W
100 _aS.K Aggarwal
245 0 _aWhither indian democracy
250 _a1st
260 _c1990
_aNew Delhi
_bUDH Publication & Distribucation
650 _aLiterature
942 _cBK
999 _c865
_d865